[Event "Torneo Autunno Bergamasco"]
[Site "Bergamo ITA"]
[Date "2007.10.12"]
[Round "2"]
[White "Gucciardo, Salvatore"]
[Black "D'Angheo, Savino"]
[Result "1-0"]
[WhiteElo "1590"]
[BlackElo "1520"]
[PlyCount "85"]
[EventDate "2007.10.05"]

1. e4 c5 2. Nf3 Nc6 3. c3 e6 4. d4 cxd4 5. cxd4 Bb4+ 6. Bd2 Qb6 7. Bxb4 Qxb4+
8. Qd2 Qxd2+ 9. Nbxd2 Nf6 10. e5 Nd5 11. Ne4 Ncb4 12. Nd6+ Ke7 13. Kd2 f6 14.
a3 Nc6 15. Bc4 Nf4 16. g3 Ng6 17. Bd3 fxe5 18. Nxc8+ Raxc8 19. Bxg6 hxg6 20.
Nxe5 Nxe5 21. dxe5 Rc5 22. f4 Rhc8 23. Rac1 d5 24. exd6+ Kxd6 25. Rxc5 Rxc5 26.
Re1 a5 27. Re2 b5 28. Re3 Rd5+ 29. Rd3 Kc5 30. Rxd5+ exd5 31. Kd3 d4 32. g4 a4
33. h4 Kd5 34. g5 Kc5 35. f5 gxf5 36. h5 f4 37. h6 gxh6 38. gxh6 f3 39. h7 f2
40. Ke2 d3+ 41. Kxf2 Kc4 42. h8=Q Kb3 43. Qc3+ 1-0

[Event "Torneo Autunno Bergamasco"]
[Site "Bergamo ITA"]
[Date "2007.10.12"]
[Round "2"]
[White "Impellizzeri, Francesco"]
[Black "Merletti, Vincenzo"]
[Result "1-0"]
[WhiteElo "1760"]
[BlackElo "1554"]
[PlyCount "53"]
[EventDate "2007.10.05"]

1. d4 Nf6 2. c4 e6 3. Nf3 b6 4. g3 Bb7 5. Bg2 Be7 6. Nc3 d6 7. Qc2 Nbd7 8. O-O
O-O 9. e4 h6 10. Rd1 Rc8 11. b3 Nh7 12. h4 Nhf6 13. Nh2 e5 14. dxe5 Nxe5 15.
Qe2 Qd7 16. Bf4 Ng6 17. Be3 Qe6 18. f3 Qe5 19. Qe1 Qe6 20. Nb5 a6 21. Nd4 Qe5
22. Nf5 Nxe4 23. Nxe7+ Nxe7 24. Bf4 Qc5+ 25. Be3 Qe5 26. fxe4 Bxe4 27. Bd4 1-0

[Event "Torneo Autunno Bergamasco"]
[Site "Bergamo ITA"]
[Date "2007.10.12"]
[Round "2"]
[White "Longo, Pietro"]
[Black "Basletta, Giovanni"]
[Result "1-0"]
[WhiteElo "1929"]
[BlackElo "1362"]
[PlyCount "115"]
[EventDate "2007.10.05"]

1. e4 e6 2. d4 d5 3. Nc3 c5 4. e5 Nc6 5. Bb5 Bd7 6. Bxc6 Bxc6 7. Nce2 Ne7 8.
Ng3 cxd4 9. Qxd4 Qc7 10. Nf3 Bb5 11. a4 Nc6 12. Qf4 Nb4 13. Nd4 Ba6 14. Bd2 Bd3
15. Bxb4 Bxb4+ 16. Kd1 Bg6 17. c3 Be7 18. Nb5 Qb6 19. b4 O-O 20. h4 f6 21. Nd4
fxe5 22. Qxe5 Bf6 23. Qxe6+ Qxe6 24. Nxe6 Rf7 25. h5 Bd3 26. Kd2 Bc4 27. f3 Re7
28. Nd4 Bg5+ 29. Kc2 Rc8 30. Rae1 Rxe1 31. Rxe1 Bh4 32. Ngf5 Bxe1 33. Ne7+ Kf7
34. Nxc8 a6 35. Nd6+ Kf6 36. Nxb7 Bf1 37. g4 g6 38. hxg6 hxg6 39. b5 axb5 40.
a5 b4 41. cxb4 Bxb4 42. Kb3 Bd2 43. Nd6 Bxa5 44. f4 Bb6 45. g5+ Ke7 46. Nc8+
Kf7 47. Nxb6 Bg2 48. Kb4 Ke7 49. Kc5 Kf7 50. Nxd5 Bh3 51. Kd6 Bg4 52. Nf6 Bh3
53. Nf3 Bf5 54. Ne5+ Kf8 55. Nd5 Bg4 56. Nxg6+ Kf7 57. Ne5+ Kg7 58. Ne7 1-0

[Event "Torneo Autunno Bergamasco"]
[Site "Bergamo ITA"]
[Date "2007.10.12"]
[Round "2"]
[White "Luizaga, Lucas"]
[Black "Stefanelli, Alfredo"]
[Result "0-1"]
[WhiteElo "1557"]
[BlackElo "1778"]
[PlyCount "104"]
[EventDate "2007.10.05"]

1. d4 d5 2. Nf3 e6 3. Bf4 Nf6 4. Nbd2 c5 5. c3 Nc6 6. e3 h6 7. Ne5 Bd7 8. Ndf3
Be7 9. Nxc6 Bxc6 10. Ne5 Qb6 11. b3 Rc8 12. dxc5 Qxc5 13. Rc1 O-O 14. b4 Qb6
15. Bd3 Bb5 16. O-O Bxd3 17. Nxd3 Ne4 18. Be5 Qa6 19. Rc2 Rc6 20. f3 Nf6 21.
Qe2 Rfc8 22. Rfc1 Ne8 23. Bd4 Bd6 24. Bc5 b6 25. Bxd6 Nxd6 26. Nf4 Rc4 27. Qd3
Qa3 28. Ne2 Rxb4 29. e4 Rb2 30. exd5 Rxc2 31. Rxc2 Qc5+ 32. Kf1 exd5 33. Rd2
Nc4 34. Nf4 Nxd2+ 35. Qxd2 Qxc3 36. Ke2 Re8+ 37. Kd1 Qa1+ 38. Kc2 Qxa2+ 39. Kc3
Rc8+ 40. Kd3 Qb3+ 41. Kd4 Qc4+ 42. Ke3 d4+ 43. Kf2 Qa4 44. Kg3 Qc4 45. h3 a5
46. Qb2 b5 47. Nh5 a4 48. Kf4 b4 49. Ke4 a3 50. Qa1 a2 51. Nf4 Re8+ 52. Kf5
Qc8+ 0-1

[Event "Torneo Autunno Bergamasco"]
[Site "Bergamo ITA"]
[Date "2007.10.12"]
[Round "2"]
[White "Mazzotti, Federico"]
[Black "Romano, Zeno"]
[Result "1/2-1/2"]
[WhiteElo "1853"]
[BlackElo "1931"]
[PlyCount "65"]
[EventDate "2007.10.05"]

1. e4 e5 2. Nf3 Nc6 3. Bb5 a6 4. Ba4 Nf6 5. O-O Be7 6. Re1 b5 7. Bb3 d6 8. c3
Na5 9. Bc2 c5 10. d4 Qc7 11. d5 O-O 12. Nbd2 c4 13. a4 Bd7 14. axb5 axb5 15.
Nf1 Nb7 16. Rxa8 Rxa8 17. Ne3 Nc5 18. Nf5 Bxf5 19. exf5 Qb7 20. Be3 Na4 21. Bc1
Nb6 22. Bg5 Nbxd5 23. Bxf6 Nxf6 24. g4 Rd8 25. g5 Ne8 26. g6 fxg6 27. fxg6 h6
28. Bf5 Nc7 29. Nd4 Bf6 30. Ne6 Rb8 31. Nxc7 Qxc7 32. Qd5+ Kf8 33. Rd1 1/2-1/2

[Event "Torneo Autunno Bergamasco"]
[Site "Bergamo ITA"]
[Date "2007.10.12"]
[Round "2"]
[White "Minieri, Filippo"]
[Black "Gozzini, Giambattista"]
[Result "1-0"]
[WhiteElo "2124"]
[BlackElo "1887"]
[PlyCount "94"]
[EventDate "2007.10.05"]

1. c4 Nf6 2. d4 g6 3. Nc3 Bg7 4. e4 d6 5. f3 O-O 6. Be3 c6 7. Qd2 a6 8. g4 e5
9. d5 cxd5 10. cxd5 Nbd7 11. h4 h5 12. Bh6 b5 13. Bxg7 Kxg7 14. g5 Ne8 15. Nge2
Nb6 16. b3 f5 17. gxf6+ Nxf6 18. Ng3 Bd7 19. Rg1 Kh7 20. Qg2 Rg8 21. Nh1 Rc8
22. Nd1 Be8 23. Nhf2 Nbd7 24. Nh3 Qa5+ 25. Qd2 Qxd2+ 26. Kxd2 Bf7 27. Ng5+ Kg7
28. Bh3 Rc7 29. Nxf7 Kxf7 30. Be6+ Kg7 31. Bxg8 Nxg8 32. Rc1 Rxc1 33. Kxc1 Nh6
34. Ne3 Kf6 35. b4 Nf7 36. Kd2 g5 37. Nf5 Nb6 38. Ke2 Nc4 39. hxg5+ Nxg5 40.
Ng7 h4 41. Ne8+ Kg6 42. Nc7 Kh5 43. Ne6 Nh3 44. Rg4 Nf4+ 45. Nxf4+ exf4 46.
Rxf4 h3 47. Rf8 Ne5 1-0

[Event "Torneo Autunno Bergamasco"]
[Site "Bergamo ITA"]
[Date "2007.10.12"]
[Round "2"]
[White "Nasoni, Paolo"]
[Black "Salcedo, Cancio Luis E."]
[Result "1-0"]
[WhiteElo "1849"]
[BlackElo "1614"]
[PlyCount "80"]
[EventDate "2007.10.05"]

1. e4 e5 2. Nf3 Nc6 3. Nc3 Nf6 4. g3 b6 5. Bg2 Ba6 6. d3 Bc5 7. a3 Be7 8. b4 b5
9. d4 Bd6 10. d5 Ne7 11. Be3 Nc8 12. Qe2 Qe7 13. O-O Ng4 14. Bg5 f6 15. Bd2 g5
16. h3 Nh6 17. h4 Nf7 18. hxg5 fxg5 19. Qe3 h6 20. Rfd1 Nb6 21. Bf1 c6 22. dxc6
dxc6 23. a4 Bxb4 24. axb5 Bc5 25. Qe1 Bb7 26. bxc6 Bxc6 27. Nd5 Nxd5 28. exd5
Bd7 29. Qe4 O-O 30. Qg6+ Kh8 31. Bc3 Qd6 32. Qe4 Qf6 33. Bd3 Qg7 34. Nxe5 Bf5
35. Qxf5 Kg8 36. Qg6 Bxf2+ 37. Kg2 Nxe5 38. Qxg7+ Kxg7 39. Bxe5+ Kg8 40. Rf1
Rae8 1-0

[Event "Torneo Autunno Bergamasco"]
[Site "Bergamo ITA"]
[Date "2007.10.12"]
[Round "2"]
[White "Ranfagni, Stefano"]
[Black "Savoldelli, Dario"]
[Result "1/2-1/2"]
[WhiteElo "2065"]
[BlackElo "1822"]
[PlyCount "103"]
[EventDate "2007.10.05"]

1. e4 c5 2. Nc3 Nc6 3. g3 g6 4. Bg2 Bg7 5. Nge2 d6 6. O-O Nf6 7. d3 O-O 8. h3
Bd7 9. Be3 Rc8 10. Qd2 Ne8 11. Bh6 a6 12. Bxg7 Nxg7 13. Nd5 Ne6 14. f4 Nc7 15.
Nb6 Rb8 16. f5 Ne5 17. Nc3 Bc6 18. Nbd5 Bxd5 19. exd5 Kg7 20. Rae1 Ne8 21. Ne4
Rc8 22. c4 Nf6 23. g4 Nxe4 24. Bxe4 f6 25. g5 fxg5 26. Qxg5 h6 27. Qg3 g5 28.
h4 Kf6 29. hxg5+ hxg5 30. Kf2 Rh8 31. Rh1 Qg8 32. Rxh8 Qxh8 33. Rh1 Qg7 34. Qh3
Rg8 35. Qh7 Nf7 36. Qxg7+ Kxg7 37. Kg3 Rh8 38. Rb1 a5 39. a3 b6 40. b4 Ra8 41.
bxc5 bxc5 42. Rb7 Kf6 43. Kg4 Ne5+ 44. Kg3 Nf7 45. Kf2 Ne5 46. Rb6 Nd7 47. Rb1
Rb8 48. Rh1 Rb3 49. Rh6+ Kf7 50. Rh7+ Kf6 51. Rh6+ Kf7 52. Rh7+ 1/2-1/2

[Event "Torneo Autunno Bergamasco"]
[Site "Bergamo ITA"]
[Date "2007.10.12"]
[Round "2"]
[White "Riggio, Mauro"]
[Black "Oteri, Aldo"]
[Result "1/2-1/2"]
[WhiteElo "1811"]
[BlackElo "1898"]
[PlyCount "94"]
[EventDate "2007.10.05"]

1. e4 e6 2. d4 d5 3. Nd2 Be7 4. Bd3 c5 5. dxc5 Bxc5 6. Nb3 Bb6 7. Qe2 dxe4 8.
Bxe4 Nf6 9. Bg5 Bxf2+ 10. Kxf2 Nxe4+ 11. Qxe4 Qxg5 12. Nf3 Qe7 13. Rhd1 Nc6 14.
Rd2 Bd7 15. Rad1 O-O-O 16. Qc4 e5 17. Nc5 Bf5 18. Rxd8+ Rxd8 19. Rxd8+ Kxd8 20.
Qd5+ Kc7 21. c3 g5 22. h3 h5 23. b4 g4 24. hxg4 hxg4 25. Nd4 exd4 26. Qxf5 dxc3
27. Qxg4 Qf6+ 28. Ke3 Qe5+ 29. Kd3 f5 30. Qg7+ Qxg7 31. Ne6+ Kd7 32. Nxg7 Nxb4+
33. Kxc3 Nxa2+ 34. Kc4 Nc1 35. Nxf5 Ne2 36. g3 Ke6 37. g4 Nf4 38. Nd4+ Kd7 39.
g5 Ng6 40. Kc5 Nf8 41. Kb5 Kd6 42. Nb3 Kc7 43. Nc5 b6 44. Nd3 Kb7 45. Ne5 a6+
46. Kb4 Kc7 47. g6 Ne6 1/2-1/2

[Event "Torneo Autunno Bergamasco"]
[Site "Bergamo ITA"]
[Date "2007.10.19"]
[Round "3"]
[White "Basletta, Giovanni"]
[Black "Di Mauro, Valerio"]
[Result "0-1"]
[WhiteElo "1362"]
[BlackElo "1637"]
[PlyCount "66"]
[EventDate "2007.10.05"]

1. e4 c6 2. d4 d5 3. e5 c5 4. Be3 cxd4 5. Bxd4 Bd7 6. Nc3 e6 7. a3 Ne7 8. f4
Nf5 9. Bf2 Nc6 10. Nf3 Be7 11. Be2 g5 12. O-O gxf4 13. Nb5 a6 14. Nbd4 Ne3 15.
Bxe3 fxe3 16. c3 Qc7 17. Nxc6 Bxc6 18. Qd4 O-O-O 19. Qxe3 Rhg8 20. Nd4 Rg7 21.
Bh5 Rdg8 22. Rxf7 Rxg2+ 23. Kh1 Be8 24. Rxh7 Bg6 25. Rh6 Be4 26. Bf3 Bg5 27.
Qe1 Bxh6 28. Bxg2 Bxg2+ 29. Kg1 Qf7 30. Qf2 Bh3+ 31. Qg3 Be3+ 32. Kh1 Rxg3 33.
hxg3 Qf2 0-1

[Event "Torneo Autunno Bergamasco"]
[Site "Bergamo ITA"]
[Date "2007.10.19"]
[Round "3"]
[White "Biava, Pierluigi"]
[Black "Minieri, Filippo"]
[Result "0-1"]
[WhiteElo "1893"]
[BlackElo "2124"]
[PlyCount "46"]
[EventDate "2007.10.05"]

1. d4 f5 2. Nf3 Nf6 3. c4 e6 4. e3 Be7 5. Nc3 d5 6. Be2 O-O 7. O-O c6 8. cxd5
exd5 9. Qc2 Ne4 10. Bd2 Nd7 11. Rfc1 Bd6 12. Bf1 Ndf6 13. Be1 Qe8 14. b4 Qh5
15. Ne2 Ng4 16. h3 Rf6 17. Nf4 Qh6 18. hxg4 fxg4 19. Ne5 g5 20. f3 gxf4 21.
exf4 g3 22. Bd3 Qxf4 23. fxe4 Qe3+ 0-1

[Event "Torneo Autunno Bergamasco"]
[Site "Bergamo ITA"]
[Date "2007.10.19"]
[Round "3"]
[White "Cambieri, Mario"]
[Black "Longo, Pietro"]
[Result "1/2-1/2"]
[WhiteElo "1877"]
[BlackElo "1929"]
[PlyCount "57"]
[EventDate "2007.10.05"]

1. c4 Nf6 2. Nc3 g6 3. d4 Bg7 4. g3 O-O 5. Bg2 d6 6. e4 Nc6 7. Nf3 e5 8. d5 Ne7
9. O-O Ne8 10. b4 f5 11. Bb2 Nf6 12. Qe2 h6 13. Rad1 fxe4 14. Nxe4 Nxe4 15.
Qxe4 Bf5 16. Qe2 Bg4 17. h3 Bxf3 18. Bxf3 Nf5 19. Be4 Qf6 20. Qd3 Qg5 21. Kh2
Rae8 22. Bc1 Qf6 23. Be3 g5 24. a4 Nd4 25. Bxd4 exd4 26. f4 gxf4 27. Rxf4 Qe7
28. Rdf1 Rxf4 29. Rxf4 1/2-1/2

[Event "Torneo Autunno Bergamasco"]
[Site "Bergamo ITA"]
[Date "2007.10.19"]
[Round "3"]
[White "Canova, Luca"]
[Black "Gucciardo, Salvatore"]
[Result "1-0"]
[WhiteElo "2079"]
[BlackElo "1590"]
[PlyCount "45"]
[EventDate "2007.10.05"]

1. d4 Nf6 2. c4 g6 3. Nc3 Bg7 4. e4 d6 5. f3 O-O 6. Be3 e5 7. d5 Nh5 8. Qd2 f5
9. O-O-O f4 10. Bf2 Rf7 11. c5 Bf8 12. Bc4 Kh8 13. g3 Nd7 14. c6 Nb6 15. Bb3
bxc6 16. dxc6 Rg7 17. Nge2 fxg3 18. hxg3 Qe8 19. g4 Nf6 20. g5 Ng8 21. Rh2 Qxc6
22. Bxb6 Qxb6 23. Qd5 1-0

[Event "Torneo Autunno Bergamasco"]
[Site "Bergamo ITA"]
[Date "2007.10.19"]
[Round "3"]
[White "D'Angheo, Savino"]
[Black "Bertoletti, Vincenzo"]
[Result "0-1"]
[WhiteElo "1520"]
[BlackElo "1523"]
[PlyCount "120"]
[EventDate "2007.10.05"]

1. d4 d5 2. c4 e6 3. Nf3 Nf6 4. g3 c5 5. Bg2 Nc6 6. cxd5 Nxd5 7. O-O Be7 8.
dxc5 Bxc5 9. Qc2 Qd6 10. Rd1 O-O 11. e4 Ndb4 12. Qe2 Qc7 13. Bf4 Qb6 14. Nc3
Nd4 15. Nxd4 Bxd4 16. Na4 Qa5 17. Rxd4 Qxa4 18. a3 Qc2 19. Rd2 Qa4 20. Bd6 Nc6
21. Bxf8 Kxf8 22. Rad1 e5 23. Qd3 Be6 24. Qc2 Bb3 25. Qc5+ Ke8 26. Rc1 Be6 27.
Bf1 Qa5 28. Qxa5 Nxa5 29. Bb5+ Kf8 30. Rc7 Nb3 31. Rdc2 Nd4 32. R2c5 b6 33.
Rxe5 Nf3+ 34. Kg2 Nxe5 35. f4 Ng4 36. f5 Bb3 37. Bc6 Rd8 38. Rd7 Rxd7 39. Bxd7
Ke7 40. Bb5 Kd6 41. Be2 Nf6 42. Bd3 Ke5 43. Kf3 Bd1+ 44. Ke3 Bb3 45. h3 Nd7 46.
g4 f6 47. h4 Nc5 48. Bb5 Ba4 49. Bc4 Bc6 50. g5 fxg5 51. hxg5 Bxe4 52. b4 Nb7
53. f6 gxf6 54. gxf6 Bg6 55. f7 Bxf7 56. Bxf7 Nd6 57. Bb3 Nf5+ 58. Kd3 h5 59.
Bd1 h4 60. Bf3 h3 0-1

[Event "Torneo Autunno Bergamasco"]
[Site "Bergamo ITA"]
[Date "2007.10.19"]
[Round "3"]
[White "Elitropi, Giorgio"]
[Black "Riva, Carlo"]
[Result "1/2-1/2"]
[WhiteElo "2006"]
[BlackElo "1571"]
[PlyCount "132"]
[EventDate "2007.10.05"]

1. f4 d5 2. Nf3 Nf6 3. g3 g6 4. Bg2 Bg7 5. d3 O-O 6. c3 Nbd7 7. O-O c6 8. Kh1
Re8 9. Nh4 e6 10. Na3 Nb6 11. Nc2 Bd7 12. Ne1 Bc8 13. a4 Nbd7 14. Qc2 b6 15.
Nef3 Bb7 16. b4 a6 17. Rb1 b5 18. Be3 Ng4 19. Bg1 f5 20. d4 Nh6 21. a5 Qe7 22.
Be3 Bf6 23. Qc1 Rf8 24. h3 Rae8 25. Kg1 Ra8 26. Bh1 Bxh4 27. Nxh4 Nf6 28. Qe1
Rae8 29. Nf3 Nf7 30. Nh2 Nh6 31. Bf3 Kh8 32. g4 fxg4 33. hxg4 Nf7 34. g5 Nd7
35. Qh4 Rg8 36. Ng4 Nd8 37. Kg2 Ref8 38. Rh1 Rg7 39. Rh3 Rff7 40. Rbh1 Bc8 41.
Qg3 Nb7 42. Ne5 Nxe5 43. fxe5 Bd7 44. Bf4 Be8 45. e3 Nd8 46. Be2 Bd7 47. Bd3
Be8 48. Rh6 Rf8 49. Qh4 Rfg8 50. Bc2 Nb7 51. Qe1 Nd8 52. Qh4 Nb7 53. Rf1 Rf8
54. Rf2 Nd8 55. Qg4 Nb7 56. Rh1 Nd8 57. Qh4 Rff7 58. Rhf1 Rf8 59. Bg3 Rxf2+ 60.
Rxf2 Nf7 61. Rf6 Nd8 62. Bd1 Bf7 63. Qf4 Kg8 64. Bg4 Kh8 65. Bh3 Kg8 66. Qg4
Kh8 1/2-1/2

[Event "Torneo Autunno Bergamasco"]
[Site "Bergamo ITA"]
[Date "2007.10.19"]
[Round "3"]
[White "Giuliani, Andrea"]
[Black "Lanni, Vincenzo"]
[Result "1-0"]
[WhiteElo "1565"]
[BlackElo "1864"]
[PlyCount "33"]
[EventDate "2007.10.05"]

1. e4 g6 2. Nc3 Bg7 3. d3 Nf6 4. f4 O-O 5. Nf3 c5 6. g3 Nc6 7. Bg2 d5 8. O-O
Nd4 9. Nxd4 cxd4 10. Ne2 Qa5 11. Nxd4 Nd7 12. Be3 dxe4 13. Bxe4 Bxd4 14. Bxd4
Nb6 15. f5 Bxf5 16. Bxf5 gxf5 17. Qh5 1-0

[Event "Torneo Autunno Bergamasco"]
[Site "Bergamo ITA"]
[Date "2007.10.19"]
[Round "3"]
[White "Gozzini, Giambattista"]
[Black "Attuati, Stefano"]
[Result "1-0"]
[WhiteElo "1887"]
[BlackElo "1464"]
[PlyCount "63"]
[EventDate "2007.10.05"]

1. e4 c5 2. Nf3 d6 3. d4 cxd4 4. Nxd4 Nc6 5. Nc3 a6 6. Be2 Nf6 7. Be3 e6 8. O-O
Be7 9. f4 O-O 10. Bf3 Qb6 11. Qd2 Qc7 12. Nb3 Rd8 13. Qf2 Qd7 14. a4 d5 15.
Rfd1 Nb4 16. e5 d4 17. Bxd4 Nfd5 18. Bb6 Rf8 19. Nxd5 Nxd5 20. c4 Nxb6 21. Rxd7
Nxd7 22. Rd1 Rb8 23. Qc2 Nc5 24. Nxc5 Bxc5+ 25. Kf1 b6 26. Qc3 a5 27. Ke2 Ba6
28. Qd3 Rbc8 29. b3 Be7 30. Qd7 Bc5 31. Qa7 Bxc4+ 32. bxc4 1-0

[Event "Torneo Autunno Bergamasco"]
[Site "Bergamo ITA"]
[Date "2007.10.19"]
[Round "3"]
[White "Maggioni, Oliviero"]
[Black "Luizaga, Lucas"]
[Result "0-1"]
[WhiteElo "1493"]
[BlackElo "1557"]
[PlyCount "124"]
[EventDate "2007.10.05"]

1. e3 c6 2. d4 d5 3. Nf3 Bf5 4. c4 e6 5. c5 Nf6 6. Nbd2 b6 7. b4 a5 8. bxa5
bxc5 9. dxc5 Qxa5 10. Nd4 Qxc5 11. Nxf5 exf5 12. Nb3 Qb6 13. Bd2 Ne4 14. Be2
Bb4 15. O-O Nxd2 16. Nxd2 Bd6 17. Qc2 f4 18. e4 Qc7 19. Bf3 Be5 20. Rab1 d4 21.
Nc4 Nd7 22. Nxe5 Nxe5 23. Be2 O-O 24. f3 Rfd8 25. Rfd1 Qa7 26. Kh1 Qxa2 27. Rb2
Qe6 28. Qb1 g6 29. Bd3 Nxd3 30. Rxd3 Qe5 31. Rb7 Rab8 32. h3 Rxb7 33. Qxb7 Qb5
34. Qxb5 cxb5 35. Kg1 f5 36. Kf2 Kf7 37. Ke2 Ke6 38. Rb3 Rb8 39. Kd3 fxe4+ 40.
Kxe4 Kd6 41. Kxd4 Kc6 42. Rc3+ Kb6 43. Ke4 b4 44. Rc1 Rf8 45. Kd3 Kb5 46. Rc7
h5 47. Kc2 Rf5 48. Rg7 Rg5 49. Kb3 Rxg2 50. Rb7+ Kc5 51. Rc7+ Kd4 52. Kxb4 Ke3
53. Rc3+ Kf2 54. Kc4 Kg3 55. Kd4 Kxh3 56. Ke4 g5 57. Kf5 Kh4 58. Rd3 Rg3 59.
Rc3 Kh3 60. Ke4 h4 61. Rb3 Kh2 62. Kf5 Rg2 0-1

[Event "Torneo Autunno Bergamasco"]
[Site "Bergamo ITA"]
[Date "2007.10.19"]
[Round "3"]
[White "Merletti, Vincenzo"]
[Black "Cattaneo, Dario"]
[Result "1-0"]
[WhiteElo "1554"]
[BlackElo "1517"]
[PlyCount "93"]
[EventDate "2007.10.05"]

1. d4 e6 2. c4 Nf6 3. Nc3 b6 4. Nf3 Bb4 5. Bg5 Bb7 6. Qc2 Bxf3 7. exf3 Be7 8.
O-O-O d5 9. cxd5 Nxd5 10. Bxe7 Nxe7 11. Qe4 c6 12. g4 Nd7 13. f4 Nd5 14. f5
Qg5+ 15. Kc2 N7f6 16. Qe5 Qxg4 17. fxe6 Qxe6 18. Bc4 Qxe5 19. dxe5 Nxc3 20.
bxc3 Ng4 21. e6 fxe6 22. Rhe1 e5 23. f3 Nf6 24. Rxe5+ Kf8 25. Rd6 Re8 26. Rxe8+
Kxe8 27. Rxc6 Kd7 28. Bb5 Kd8 29. Ba6 Kd7 30. Bb5 Kd8 31. Rd6+ Ke7 32. Rc6 Nd5
33. Kb3 Rf8 34. Bc4 Rf5 35. Bxd5 Rxd5 36. Kc4 Rd2 37. Rc7+ Rd7 38. Rxd7+ Kxd7
39. Kd5 a6 40. a4 h6 41. f4 g6 42. h3 a5 43. c4 Kc7 44. Ke6 Kd8 45. Kf6 g5 46.
fxg5 hxg5 47. Kxg5 1-0

[Event "Torneo Autunno Bergamasco"]
[Site "Bergamo ITA"]
[Date "2007.10.19"]
[Round "3"]
[White "Oteri, Aldo"]
[Black "Mazzotti, Federico"]
[Result "1/2-1/2"]
[WhiteElo "1898"]
[BlackElo "1853"]
[PlyCount "83"]
[EventDate "2007.10.05"]

1. e4 c5 2. Nf3 Nc6 3. d4 cxd4 4. Nxd4 Qc7 5. Nc3 Nf6 6. g3 Nxe4 7. Nxe4 Qe5 8.
Bg2 Qxd4 9. O-O Qxd1 10. Rxd1 f5 11. Nc3 e6 12. Nb5 Kf7 13. Nc7 Rb8 14. Bf4 e5
15. Bxc6 bxc6 16. Bxe5 Rb7 17. Na8 d6 18. Bxd6 Bxd6 19. Rxd6 Be6 20. Rxc6 Rxa8
21. b3 Re8 22. Rd1 Rbe7 23. f4 Bc8 24. c4 Bb7 25. Rc5 Be4 26. Kf2 Rb8 27. Rd2
Ke8 28. Re5 Rxe5 29. fxe5 a5 30. Ke3 h6 31. g4 a4 32. Rb2 axb3 33. axb3 Ke7 34.
b4 Ke6 35. b5 Kxe5 36. gxf5 Bxf5 37. c5 Bd7 38. b6 Kd5 39. Rd2+ Kc6 40. Rd6+
Kxc5 41. Rxd7 g5 42. b7 1/2-1/2

[Event "Torneo Autunno Bergamasco"]
[Site "Bergamo ITA"]
[Date "2007.10.19"]
[Round "3"]
[White "Romano, Zeno"]
[Black "Riggio, Mauro"]
[Result "1-0"]
[WhiteElo "1931"]
[BlackElo "1811"]
[PlyCount "121"]
[EventDate "2007.10.05"]

1. e4 c5 2. Nf3 d6 3. d4 cxd4 4. Nxd4 Nf6 5. Nc3 g6 6. Be3 Bg7 7. f3 O-O 8. Qd2
Nc6 9. Bc4 Bd7 10. O-O-O Ne5 11. Bb3 Rc8 12. g4 Nc4 13. Bxc4 Rxc4 14. h4 Qa5
15. h5 Rxc3 16. Qxc3 Qxa2 17. Qa3 Qxa3 18. bxa3 Rc8 19. Kd2 e5 20. Ne2 d5 21.
exd5 e4 22. g5 Nxd5 23. fxe4 Nxe3 24. Kxe3 Bg4 25. hxg6 hxg6 26. Rd2 Bf8 27.
Rhd1 Be7 28. Kf4 Bxe2 29. Rxe2 Bxa3 30. Rd7 Rc5 31. Kg4 Bc1 32. Rd5 Rc7 33. Rd1
Ba3 34. Red2 Re7 35. Kf4 a5 36. Rd7 Kf8 37. Rd8+ Re8 38. Rxe8+ Kxe8 39. Rb1 Bb4
40. Ke5 b6 41. Kf6 Be7+ 42. Ke5 Bc5 43. Kd5 Kd7 44. e5 a4 45. Rf1 Ke7 46. Rh1
a3 47. Rh8 Be3 48. Ra8 Bxg5 49. Ra7+ Kf8 50. Rxa3 Be3 51. Ra7 Bc5 52. Ke4 Ke8
53. Rb7 Kf8 54. Kf4 Ke8 55. Kg5 Be7+ 56. Kh6 Bf8+ 57. Kh7 g5 58. Rxb6 Kd7 59.
Kg8 Bc5 60. Kxf7 Kc7 61. Rg6 1-0

[Event "Torneo Autunno Bergamasco"]
[Site "Bergamo ITA"]
[Date "2007.10.19"]
[Round "3"]
[White "Salcedo, Cancio Luis E."]
[Black "Guerini, Matteo"]
[Result "1-0"]
[WhiteElo "1614"]
[BlackElo "1440"]
[PlyCount "91"]
[EventDate "2007.10.05"]

1. e4 d5 2. exd5 Qxd5 3. Nc3 Qa5 4. d4 c6 5. Bd2 Bf5 6. Nf3 Nd7 7. Bc4 Ngf6 8.
Ne4 Qb6 9. Nxf6+ Nxf6 10. Bb3 e6 11. O-O Bd6 12. h3 h6 13. Re1 O-O 14. c4 Qc7
15. Rc1 Bf4 16. Ne5 Bxd2 17. Qxd2 Rfe8 18. g4 Bg6 19. Nxg6 fxg6 20. g5 Nh5 21.
Re4 Qf7 22. gxh6 Re7 23. Rce1 Rae8 24. Qg5 Qf5 25. h7+ Kh8 26. Qxf5 gxf5 27.
Re5 g6 28. d5 cxd5 29. cxd5 Nf4 30. R1e3 Rxh7 31. dxe6 Nxh3+ 32. Kg2 Nf4+ 33.
Kg1 Ree7 34. Rc5 Rh4 35. Rc8+ Kg7 36. Rd8 Kf6 37. Rf8+ Kg5 38. Rg3+ Rg4 39.
Rxg4+ Kxg4 40. Rf7 Re8 41. e7 Kf3 42. Bd1+ Ke4 43. f3+ Ke5 44. Ba4 Rc8 45.
e8=Q+ Kd4 46. Qxc8 1-0

[Event "Torneo Autunno Bergamasco"]
[Site "Bergamo ITA"]
[Date "2007.10.19"]
[Round "3"]
[White "Savoldelli, Dario"]
[Black "Gerali, Paolo"]
[Result "1/2-1/2"]
[WhiteElo "1822"]
[BlackElo "1940"]
[PlyCount "49"]
[EventDate "2007.10.05"]

1. e4 c5 2. Nf3 e6 3. d3 Nc6 4. g3 d5 5. Nbd2 Nf6 6. Bg2 dxe4 7. dxe4 Qc7 8.
O-O Be7 9. Re1 e5 10. c3 Be6 11. Qe2 O-O 12. b3 Rad8 13. Bb2 h6 14. Red1 Rd7
15. Ne1 Rfd8 16. Nf1 a6 17. Ne3 b5 18. Rxd7 Rxd7 19. Rd1 Qd8 20. Rxd7 Qxd7 21.
Qd1 Qxd1 22. Nxd1 c4 23. b4 Bd8 24. Bc1 Bb6 25. Be3 1/2-1/2

[Event "Torneo Autunno Bergamasco"]
[Site "Bergamo ITA"]
[Date "2007.10.19"]
[Round "3"]
[White "Stefanelli, Alfredo"]
[Black "Impellizzeri, Francesco"]
[Result "0-1"]
[WhiteElo "1778"]
[BlackElo "1760"]
[PlyCount "110"]
[EventDate "2007.10.05"]

1. d4 d5 2. c4 c6 3. Nf3 Nf6 4. Nc3 e6 5. Bg5 h6 6. Bh4 dxc4 7. e3 b5 8. a4 Bb4
9. Qc2 Bb7 10. Be2 Nbd7 11. O-O a6 12. Rfd1 Qe7 13. e4 g5 14. Bg3 Nh5 15. Be5
O-O 16. Na2 Ba5 17. h3 Nxe5 18. Nxe5 Nf4 19. Bf3 f6 20. Ng4 Qg7 21. e5 fxe5 22.
dxe5 Bd8 23. Rd6 h5 24. Ne3 Qxe5 25. Rd7 Rf7 26. Rxf7 Kxf7 27. Qh7+ Qg7 28.
Bxh5+ Kf8 29. Qxg7+ Kxg7 30. Bg4 Kf7 31. Nc3 Bf6 32. Rd1 Nd3 33. Rd2 Ke7 34.
Be2 Nxb2 35. Ne4 c3 36. Rc2 Nxa4 37. Ng4 Bd4 38. Nxg5 b4 39. Bc4 Bc8 40. Nf3 c5
41. Ne1 Nb6 42. Ba2 c4 43. Re2 b3 44. Bb1 c2 45. Bxc2 bxc2 46. Nxc2 Bc5 47. Re5
Nd5 48. h4 Bd7 49. h5 a5 50. h6 Kd6 51. h7 Rh8 52. Rh5 Be8 53. Rh2 Bg6 54. Nh6
Rxh7 55. g4 Bxc2 0-1

[Event "Torneo Autunno Bergamasco"]
[Site "Bergamo ITA"]
[Date "2007.10.19"]
[Round "3"]
[White "Testa, Luigi"]
[Black "Nasoni, Paolo"]
[Result "1/2-1/2"]
[WhiteElo "1572"]
[BlackElo "1849"]
[PlyCount "68"]
[EventDate "2007.10.05"]

1. e4 e5 2. Nf3 Nc6 3. Nc3 Nf6 4. Bb5 Bc5 5. O-O d6 6. Bxc6+ bxc6 7. d3 h6 8.
Na4 Bb6 9. b3 Bg4 10. Nxb6 axb6 11. Bb2 O-O 12. h3 Bh5 13. Qe2 Nh7 14. Qe3 f5
15. exf5 Bxf3 16. Qxf3 Ng5 17. Qg3 Rxf5 18. f4 Nf7 19. fxe5 Rxf1+ 20. Kxf1 dxe5
21. Bxe5 g5 22. Bb2 Qf8 23. Kg1 Qc5+ 24. Qf2 Qxf2+ 25. Kxf2 c5 26. c4 Re8 27.
Re1 Rd8 28. Re3 Ra8 29. a3 Kf8 30. a4 Rd8 31. Bf6 Rd7 32. Bb2 Nd8 33. Bc3 c6
34. g3 Nf7 1/2-1/2

[Event "Torneo Autunno Bergamasco"]
[Site "Bergamo ITA"]
[Date "2007.10.19"]
[Round "3"]
[White "Villa, Claudio"]
[Black "Ranfagni, Stefano"]
[Result "0-1"]
[WhiteElo "1871"]
[BlackElo "2065"]
[PlyCount "60"]
[EventDate "2007.10.05"]

1. b3 e5 2. Bb2 d6 3. e3 Nc6 4. c4 f5 5. Ne2 Nf6 6. d4 Be7 7. Nbc3 O-O 8. d5
Nb4 9. f4 Ng4 10. a3 Nxe3 11. Qd2 Nbc2+ 12. Kf2 exf4 13. Nxf4 Bg5 14. Nce2 c6
15. Bd4 Ng4+ 16. Kg1 Nxd4 17. Nxd4 Bf6 18. h3 Nh6 19. g3 Qb6 20. Nfe2 c5 21.
Nc2 Bxa1 22. Nxa1 Bd7 23. Nf4 Qd8 24. Nh5 Qe7 25. Rh2 Rae8 26. Nc2 Nf7 27. h4
Ne5 28. Be2 Ng4 29. Bxg4 fxg4 30. Re2 Qxe2 0-1